000 00535nam a22001817a 4500
999 _c166446
_d166446
010 _aENG-126060
020 _a978-93-8472-683-6
_c995.00(hb)
035 _aEN-109592
037 _bDBAD/PUB
082 _a533.2
100 _aBabu,V.
245 _aFundamentals of Gas Dynamic /
260 _aNew delhi
_bAne Books Pvt.Ltd.
270 _a4821,Parwana Bhawan,1st Floor24 Ansari Road, Darya Ganj
300 _a181p.
_b24cm(hb)
500 _aits includes index and bibliography
942 _2ddc
_cEN
_h533.2
_mBAB